Statistiques concernant Top 10 ballon d'or 2021.

Cliquez ici pour prendre le quiz!

Statistiques générales

  • Ce quiz a été pris 180 fois
  • Le résultat moyen est 9 sur 10

Statistiques - réponses

%JoueursClubs% Correct
22.5Lionel MessiBarca/ PSG
100%
8.8Karim BenzemaReal
94%
2.1Kylian MbappePSG
93%
21.3Robert LewandowskiBayern
93%
2.7Kevin De BruyneMan City
91%
4.5Mohamed SalahLiverpool
91%
6.5Cristiano RonaldoJuve/ Man United
88%
6.8N'golo KanteChelsea
82%
16.9JorginhoChelsea
76%
1.3Gianluigi DonnarummaMilan/ PSG
69%

Distribution des résultats

Percentile par nombre de réponses

% des personnes avec chaque résultat

Votre développement - résultats

Vous n’avez pas pris ce quiz